书目信息 |
| 题名: |
短歌
|
|
| 作者: | 李松山 著 | |
| 分册: | ||
| 出版信息: |
|
|
| 页数: | 46页 | |
| 开本: | 20cm | |
| 丛书名: | ||
| 单 册: | ||
| 中图分类: | I22 | |
| 科图分类: | ||
| 主题词: | 诗歌--中国 , 韵文--中国 | |
| 电子资源: | ||
| ISBN: | ||
| 000 | 00543nam0 2200193 450 | |
| 001 | 2556827997 | |
| 005 | 20251201155424.92 | |
| 100 | @a20251201d km y0chiy0120 ea | |
| 101 | 0 | @achi |
| 200 | 1 | @a短歌@ADuan Ge@e李松山诗集@f李松山著@FLi Song Shan Zhu |
| 215 | @a46页@d20cm | |
| 503 | @n河南城建学院图书馆 | |
| 517 | 1 | @a李松山诗集@ALi Song Shan Shi Ji |
| 606 | 0 | @a诗歌@x中国 |
| 606 | 0 | @a韵文@x中国 |
| 690 | @aI22@v4 | |
| 701 | 0 | @a李松山@ALi Song Shan@4著 |
| 801 | 0 | @aCN@b大连网信软件有限公司图书馆·11@c20251201 |
| 905 | @aZUCC@dI22@eL821 | |
| 短歌:李松山诗集/李松山著 |
| 46页;20cm |
| ISBN : |
| ● |
| 相关链接 |
|
|
|
正题名:短歌
索取号:I22/L821
 
预约/预借
| 序号 | 登录号 | 条形码 | 馆藏地/架位号 | 状态 | 备注 |
| 1 | 1555920 | 215559205 | 城院文库/ [索取号:I22/L821] | 在馆 | |
| 2 | 1555921 | 215559214 | 文学库108/108文学库 15排11列5层/ [索取号:I22/L821] | 在馆 | |
| 3 | 1555922 | 215559223 | 文学库108/108文学库 15排11列5层/ [索取号:I22/L821] | 在馆 | |
| 4 | 1555923 | 215559232 | 文学库108/108文学库 15排11列5层/ [索取号:I22/L821] | 在馆 | |
| 5 | 1555924 | 215559241 | 文学库108/108文学库 15排11列5层/ [索取号:I22/L821] | 在馆 | |
| 6 | 1555925 | 215559250 | 文学库108/108文学库 15排11列5层/ [索取号:I22/L821] | 在馆 | |
| 7 | 1555926 | 215559269 | 文学库108/108文学库 15排11列5层/ [索取号:I22/L821] | 在馆 | |
| 8 | 1555927 | 215559278 | 文学库108/108文学库 15排11列5层/ [索取号:I22/L821] | 在馆 | |
| 9 | 1555928 | 215559287 | 文学库108/108文学库 15排11列5层/ [索取号:I22/L821] | 在馆 | |
| 10 | 1555929 | 215559296 | 文学库108/108文学库 15排11列5层/ [索取号:I22/L821] | 在馆 | |
| 11 | 1555930 | 215559303 | 文学库108/108文学库 15排11列5层/ [索取号:I22/L821] | 在馆 | |
| 12 | 1555931 | 215559312 | 文学库108/108文学库 15排11列5层/ [索取号:I22/L821] | 在馆 | |
| 13 | 1555932 | 215559321 | 文学库108/108文学库 15排11列5层/ [索取号:I22/L821] | 在馆 | |
| 14 | 1555933 | 215559330 | 文学库108/108文学库 15排11列5层/ [索取号:I22/L821] | 在馆 |